Los suelos (Record no. 131235)

MARC details
000 -LEADER
campo de control de longitud fija 00611nam a2200169 4500
001 - NÚMERO DE CONTROL
campo de control 131235
003 - IDENTIFICADOR DE NÚMERO DE CONTROL
campo de control ES-MaACL
005 - FECHA Y HORA DE LA ÚLTIMA TRANSACCIÓN
campo de control 20230906193937.0
007 - CAMPO FIJO DE DESCRIPCIÓN FÍSICA--INFORMACIÓN GENERAL
campo de control de longitud fija t|
008 - DATOS DE LONGITUD FIJA--INFORMACIÓN GENERAL
campo de control de longitud fija 070214s1960 sp r ||||1| spa d
100 1# - ENTRADA PRINCIPAL--NOMBRE DE PERSONA
Nombre de persona Robinson, Gilbert Wooding.
9 (RLIN) 97888
245 14 - MENCIÓN DEL TÍTULO
Título Los suelos
Resto del título : su origen, constitución y clasificación : introducción a la Edafología /
Mención de responsabilidad, etc. Gilbert Wooding Robinson ; traducción... por el Dr. José Luis Amorós.
260 ## - PUBLICACIÓN, DISTRIBUCIÓN, ETC.
Lugar de publicación, distribución, etc. Barcelona :
Nombre del editor, distribuidor, etc. Omega,
Fecha de publicación, distribución, etc. 1960.
300 ## - DESCRIPCIÓN FÍSICA
Extensión 515 p., 9 lám. :
Otras características físicas il. ;
Dimensiones 22 cm.
700 1# - ENTRADA AGREGADA--NOMBRE PERSONAL
Nombre de persona Amorós, José Luis.
9 (RLIN) 21315
852 ## - LOCALIZACIÓN
Ubicación ES-MaACL
Número de control de estantería C-18869
Sublocalización o colección R.47079
Holdings
Estatus retirado Estado de pérdida Estado de daño No para préstamo Biblioteca de origen Biblioteca actual Ubicación en estantería Fecha de adquisición Fuente de adquisición Total de préstamos Signatura topográfica completa Código de barras Visto por última vez Precio de reemplazo Tipo de ítem Koha
        Biblioteca del Ateneo de Madrid Biblioteca del Ateneo de Madrid Galería 17/01/2008     C-18869 1136627 23/02/2023 23/02/2023 Libro impreso